Normal view
MARC view
- الرهونات - الرهن العقاري الحيازي -- القانون التجاري - الشريعة الإسلامية
Entry Topical Term
001 - CONTROL NUMBER
- control field: 12239
003 - CONTROL NUMBER IDENTIFIER
- control field: JO-AjAnu
005 - DATE AND TIME OF LATEST TRANSACTION
- control field: 20230606072249.0
008 - FIXED-LENGTH DATA ELEMENTS
- fixed length control field: 230606|| aca||aabn | a|a d
040 ## - CATALOGING SOURCE
- Original cataloging agency: JO-AjAnu
- Transcribing agency: JO-AjAnu
150 ## - HEADING--TOPICAL TERM
- Topical term or geographic name entry element: الرهونات - الرهن العقاري الحيازي -- القانون التجاري - الشريعة الإسلامية
670 ## - SOURCE DATA FOUND
- Source citation: Work cat.: (JO-AjAnu)6304: رجيب ، بيان يوسف , author 12238, دور الحيازة في الرهن الحيازي : دراسة موازنة بين التشريعات الوضعية والشريعة الإسلامية